Agatha and the Storm = Agata e la tempesta /

El noveno largometraje dirigido por el italiano Silvio Soldini, exhibido en México con el título de Agata y la tormenta, tiene como protagonista a una madura, encantadora y segura mujer, propietaria de una librería en Génova y quien obsequia generosa sabiduría en forma de libros. Su vida experimenta...

Descripción completa

Guardado en:
Detalles Bibliográficos
Autor principal: Soldini, Silvio (realización)
Otros autores: Leondeff, Doriana (guión) (guión), Piccolo, Francesco (guión) (guión), Soldini, Silvio (guión) (guión), Catinari, Arnaldo (fotógrafo) (fotógrafo), Nebiolo, Silvia (vestuario) (vestuario), Cristiani, Carlotta (montaje) (montaje), Venosta, Giovanni (música) (música), Maglietta, Licia (actuación) (actuación), Battiston, Giuseppe (actuación) (actuación), Solfrizzi, Emilio (actuación) (actuación)
Formato: Audiovisual
Idioma:Italiano
Publicado: Milán, Italia : Albachiara, 2004, c2004
Colección:(Film Movement. Año 3 ; 7)
Temas:
Etiquetas: Agrega una etiqueta
Sin etiquetas, Sé el primero en etiquetar este registro!

MARC

LEADER 00000ngm^a2200000^a^4500
001 000289354
005 20250521000000.0
009 20260310111936.74
037 |a Acervo ITESO - Biblioteca 
041 |a ITA 
082 |a 850.  |b SOL 
100 |a Soldini, Silvio  |e (realización) 
240 1 1 |a [Agata y la tormenta] 
245 1 0 |a Agatha and the Storm =  |b Agata e la tempesta /  |c Realización de S. Soldini. 
246 2 |a Título en México: Agata y la tormenta 
264 4 |a Milán, Italia :  |b Albachiara,  |c 2004, c2004 
264 2 |a Nueva York, EUA :  |b Film Movement [distribución],  |c 2005, c2005 
300 |a 1 DVD región 1 (120 min.) :  |b color 
336 |a imagen móvil bidimensional  |b tdi  |2 rdacontenido 
337 |a video  |b v  |2 rdamedio 
338 |a videodisco  |b vd  |2 rdasoporte 
440 1 |a (Film Movement.  |p Año 3 ;  |v 7) 
520 |a El noveno largometraje dirigido por el italiano Silvio Soldini, exhibido en México con el título de Agata y la tormenta, tiene como protagonista a una madura, encantadora y segura mujer, propietaria de una librería en Génova y quien obsequia generosa sabiduría en forma de libros. Su vida experimenta dos súbitas alteraciones cuando un joven cliente –a quien dobla en edad- le confiesa su atracción hacia ella y su hermano descubre que fue adoptado. Soldini reúne a varias de sus colaboradoras de la muy popular Pan y tulipanes (Pane e tulipani, 2000) –la actriz protagonista Licia Maglietta, la guionista Doriana Leondeff, la editora Carlotta Cristiani o la vestuarista Silvia Nebiolo- y ofrece otro cálido retrato femenino, que transcurre entre la realidad y la fantasía. Como todos los largometrajes distribuidos en DVD en la colección Film Movement, el disco incluye un cortometraje: en este caso Jesus Henry Christ (2003), producción norteamericana de ficción dirigida por Dennis Lee. 
546 |a En italiano, con subtítulos opcionales: inglés 
586 |a Diseño de Indumentaria y Moda: Premio David di Donatello, de la Academia Italiana de Cine (49°: 2004): Mejor Diseño de Vestuario (finalista: Silvia Nebiolo) 
649 |a XX 
650 |a Mujeres en el Cine 
650 |a Adultos Maduros en el Cine 
650 |a Editores y Libreros en el Cine 
650 |a Comedias Románticas 
650 |a Comedias Cinematográficas 
650 |a Cine Italiano -  |y 2000-2009 
650 |a Cine Italiano -  |y Siglo XXI 
650 |a Literatura y Cine 
650 |a Amor 
650 |a Relaciones de Pareja 
650 |a Relaciones entre Hermanos 
650 |a Relaciones Familiares 
650 |a Librerías en el Cine 
650 |a Emilia-Romaña, Italia en el Cine 
650 |a Génova, Italia en el Cine 
700 |a Leondeff, Doriana  |e (guión) 
700 |a Piccolo, Francesco  |e (guión) 
700 |a Soldini, Silvio  |e (guión) 
700 |a Catinari, Arnaldo  |e (fotógrafo) 
700 |a Nebiolo, Silvia  |e (vestuario) 
700 |a Cristiani, Carlotta  |e (montaje) 
700 |a Venosta, Giovanni  |e (música) 
700 |a Maglietta, Licia  |e (actuación) 
700 |a Battiston, Giuseppe  |e (actuación) 
700 |a Solfrizzi, Emilio  |e (actuación) 
910 |a Fondo General 
920 |a Audiovisuales - DVDs 
940 |a Películas 
905 |a 302 
901 |a 0500164613  |b IT2  |c DVS  |u 20250521 
902 |a https://opac.biblio.iteso.mx/vufind/Record/000289354